banner-ar

العلم يعيد بناء العالم / (Record no. 45755)

MARC details
000 -الفاتح
حقل البيانات ثابتة الطول 00613nam a2200205Ia 4500
008 - عناصر البيانات ثابتة الطول - معلومات عامة
حقل البيانات ثابتة الطول 140319s9999 xx 000 0 ara d
040 ## - مصدر الفهرسة
وكالة الفهرسة الأصلية GCL /
وكالة النسخ GCL
082 04 - رقم تصنيف ديوى العشرى
رقم التصنيف 609
رقم المادة س ع
100 1# - المدخل الرئيسى - إسم شخصى
الإسم الشخصى احمد رياض تركى
245 10 - بيان العنوان
العنوان العلم يعيد بناء العالم /
بيان المسئوليه,etc احمد رياض تركى
700 1# - المدخل الاضافى - اسم شخصى
الإسم الشخصى محمد الشحات
700 1# - المدخل الاضافى - اسم شخصى
الإسم الشخصى ستوكلى، جيمس
300 ## - الوصف المادى
التعداد 403 ص
490 ## - بيان السلسلة
عنوان السلسلة الالف كتاب
رقم المجلد/ التعيين التسلسلي 0
650 04 - المدخل الاضافى بالموضوع-مصطلح موضوعى
مصطلح موضوعي العلم والحضارة
650 04 - المدخل الاضافى بالموضوع-مصطلح موضوعى
مصطلح موضوعي الاختراعات العلمية
650 04 - المدخل الاضافى بالموضوع-مصطلح موضوعى
مصطلح موضوعي العلم والحياة
942 ## - عناصر المدخل الإضافي( كوها)
مصدر التصنيف او مخطط الترفيف Dewey Decimal Classification
Koha [default] item type كتاب
Holdings
حالة التراجع حالة الفقد حالة تلف ليس للاعارة المكان المؤقت الموقع الحالى تاريخ الاكتساب اجمالي اﻻعارات رقم الطلب الباركود تاريخ اخر مشاهدة تاريخ تفعيل السعر نوع وعاء كوها
        مكتبة القاهرة الكبرى مكتبة القاهرة الكبرى 03/26/2014   609\س ع 111562 03/26/2014 03/26/2014 كتاب
        مكتبة القاهرة الكبرى مكتبة القاهرة الكبرى 03/26/2014   609\س ع 111563 03/26/2014 03/26/2014 كتاب

Powered By

EGPV